Memoria del curso académico de 1885 a 1886 (Record no. 155960)

MARC details
000 -LEADER
campo de control de longitud fija 00988nam a2200217 i 4500
001 - NÚMERO DE CONTROL
campo de control 155960
003 - IDENTIFICADOR DE NÚMERO DE CONTROL
campo de control ES-MaACL
005 - FECHA Y HORA DE LA ÚLTIMA TRANSACCIÓN
campo de control 20240305175806.0
008 - DATOS DE LONGITUD FIJA--INFORMACIÓN GENERAL
campo de control de longitud fija 040902s1886 cu |||| | spa d
040 ## - FUENTE DE CATALOGACIÓN
Centro catalogador/agencia de origen CAM
Lengua de catalogación spa
Centro/agencia transcriptor CAM
110 2# - ENTRADA PRINCIPAL--NOMBRE DE ENTIDAD CORPORATIVA
Nombre de entidad corporativa o nombre de jurisdicción como elemento de entrada Instituto de Segunda Enseñanza de Santiago de Cuba.
9 (RLIN) 134556
245 10 - MENCIÓN DEL TÍTULO
Título Memoria del curso académico de 1885 a 1886
Resto del título : Instituto de 2ª Enseñanza de Santiago de Cuba /
Mención de responsabilidad, etc. redactada por Vitaliano de P. Martínez ; precedida del discurso del director Lucas L. Avendaño y Silva.
260 ## - PUBLICACIÓN, DISTRIBUCIÓN, ETC.
Lugar de publicación, distribución, etc. Santiago de Cuba :
Nombre del editor, distribuidor, etc. [s.n.],
Fecha de publicación, distribución, etc. 1886 (
Fabricante Tip. "Ángela y María")
300 ## - DESCRIPCIÓN FÍSICA
Extensión 16 p., 14 cuadros ;
Dimensiones 20 cm.
594 ## - Nota al título y mención de responsabilidad
Nota al título y mención de responsabilidad Precede al tít.: Distrito Universitario de La Habana.
650 #4 - PUNTO DE ACCESO ADICIONAL DE MATERIA--TÉRMINO DE MATERIA
Término de materia o nombre geográfico como elemento de entrada Enseñanza-
Subdivisión geográfica Cuba
9 (RLIN) 12282
700 1# - ENTRADA AGREGADA--NOMBRE PERSONAL
Nombre de persona Martínez, Vitaliano de P.
9 (RLIN) 129665
700 1# - ENTRADA AGREGADA--NOMBRE PERSONAL
Nombre de persona Avendaño y Silva, Lucas L.
9 (RLIN) 125754
852 ## - LOCALIZACIÓN
Ubicación ES-MaACL
Número de control de estantería T-472-F-16
Nota libre - Enc. hol.
condición física - Falto de cub. original
Nota libre - Enc. en un vol. facticio
Holdings
Estatus retirado Estado de pérdida Estado de daño No para préstamo Colección Biblioteca de origen Biblioteca actual Ubicación en estantería Fecha de adquisición Total de préstamos Signatura topográfica completa Código de barras Visto por última vez Precio de reemplazo Tipo de ítem Koha
        Colección de folletos Biblioteca del Ateneo de Madrid Biblioteca del Ateneo de Madrid Depósito folletos 17/01/2008   T-472-F-16 1163159 23/02/2023 23/02/2023 Folleto